International Financial Statistics , August 2017.

This paper discusses currencies' relative importance in international trade and finance, the weights are based on the value of the exports of goods and services of the members issuing these currencies and the balances of their currencies officially held by members of the IMF. From January 1981...

Fuld beskrivelse

Bibliografiske detaljer
Institution som forfatter: International Monetary Fund. Statistics Dept
Format: Tidsskrift
Sprog:English
Udgivet: Washington, D.C. : International Monetary Fund, 2017.
Serier:International Financial Statistics; International Financial Statistics ; No. 2017/008
Online adgang:Full text available on IMF
LEADER 02100cas a2200241 a 4500
001 AALejournalIMF017376
008 230101c9999 xx r poo 0 0eng d
020 |c 50.00 USD 
020 |z 9781475571899 
022 |a 0252-3027 
040 |a BD-DhAAL  |c BD-DhAAL 
110 2 |a International Monetary Fund.  |b Statistics Dept. 
245 1 0 |a International Financial Statistics , August 2017. 
264 1 |a Washington, D.C. :  |b International Monetary Fund,  |c 2017. 
300 |a 1 online resource (887 pages) 
490 1 |a International Financial Statistics 
500 |a <strong>Off-Campus Access:</strong> No User ID or Password Required 
500 |a <strong>On-Campus Access:</strong> No User ID or Password Required 
506 |a Electronic access restricted to authorized BRAC University faculty, staff and students 
520 3 |a This paper discusses currencies' relative importance in international trade and finance, the weights are based on the value of the exports of goods and services of the members issuing these currencies and the balances of their currencies officially held by members of the IMF. From January 1981 to December 1985, the currencies and currency weights of the five members having the largest exports of goods and services during 1975-1979 were the US dollar, 42 percent; deutsche mark, 19 percent; French franc, Japanese yen, and pound sterling, 13 percent each. From January 1986 through December 1990, reflecting the 1980-1984, the weights had changed to US dollar, 42 percent; deutsche mark, 19 percent; Japanese yen, 15 percent; French franc and pound sterling, 12 percent each. From January 1991 to December 1995, reflecting the years 1985-1989, the weights were US dollar, 40 percent; deutsche mark, 21 percent; Japanese yen, 17 percent; French franc and pound sterling, 11 percent each. 
538 |a Mode of access: Internet 
830 0 |a International Financial Statistics; International Financial Statistics ;  |v No. 2017/008 
856 4 0 |z Full text available on IMF  |u http://elibrary.imf.org/view/books/041/23996-9781475571899-en/23996-9781475571899-en-book.xml  |z IMF e-Library